LEADER 01362nam a2200265 4500 001 000000347240 003 CaOOAMICUS 005 20210806090816.0 008 210806s2017 it a d 000 u ita r 020 $a978-88-401-5041-3 040 $aSeMil$bita 245 00$aDizionario Hindu-Cristiano :$bluoghi per il dialogo interreligioso /$ca cura di Benedict Kanakappally, Kala Acharya, Gaetano Sabetta, Mariano Iturbe. 264 1$aCittą del Vaticano :$bUrbaniana University Press,$c2017. 300 $a493 p., XVI p. di tav., 1 carta di tav. ripieg. :$bill. ;$c25 cm 650 4$aCristianesimo - Confronto [con l'] Induismo.$0(OLS)http://semarc/subject/50785 700 1 $aKanakappally, Benedict.$0(OLS)http://semarc/name/55164 700 1 $aSabetta, Gaetano,$d<1965- >.$0(OLS)http://semarc/name/114389 700 1 $aIturbe, Mariano.$0(OLS)http://semarc/name/114390 700 1 $aAcharya, Kala.$0(OLS)http://semarc/name/114391 850 $aSeMil 852 $aSeMil$W1$xVenegono$y1$mSL1.M III 31$j227724$B238304$CSeMilBibl$Z2$F238304 $8I 996 $6020$a978-88-401-5041-3$9(OLS)http://semarc/number/293787 996 $6245$aDizionario Hindu-Cristiano :$bluoghi per il dialogo interreligioso$9(OLS)http://semarc/title/436487 996 $6264$aCittą del Vaticano :$bUrbaniana University Press$9(OLS)http://semarc/publisher/31817 LEADER 01091nam a2200241 i 4500 001 000000064285 003 CaOOAMICUS 005 20131119000000.0 008 131119s1959 it u000 u ita u 013 $a35457 040 $aSeMil$bita 100 1 $aBarbet, Pierre <18..-19.. ; medico>.$0(OLS)http://semarc/name/32429 245 13$aLa passione di N.S. Gesł Cristo secondo il chirurgo /$cdott. Pierre Barbet ; traduzione italiana del Dott. Giuseppe Bellardo autorizzata e riveduta dall'autore. 250 $a3. edizione riveduta. 260 $aTorino :$bLICE-Berruti & C.,$c1959. 300 $a244 p., [11] p. di tav. ;$c21 cm. 650 4$aGesł Cristo - Passione.$0(OLS)http://semarc/subject/2379 700 1 $aBellardo, Giuseppe.$0(OLS)http://semarc/name/24573 850 $aSeMil 852 $aSeMil$W1$xVenegono$y1$m2W I 134$j30438$B30438$CSeMilBibl$Z2$F30441 $81 961 $aOmaggio: Deposito 996 $6245$aLa passione di N.S. Gesł Cristo secondo il chirurgo$9(OLS)http://semarc/title/101720 996 $6260$aTorino :$bLICE-Berruti & C.$9(OLS)http://semarc/publisher/32683